000 00760nam a2200229Ia 4500
005 20241216011058.0
008 190212s9999||||xx |||||||||||||| ||und||
020 _a958-600-443-0
082 _a658.4092
_bQ43
100 _aQUIGLEY, JOSEPH V.
245 0 _aLA COMPARTEN Y LA SUSTENTAN VISION COMO LA DESARROLLAN LOS LIDERES
_bLIDERAZGO/PARADIGMAS/BENCHMARKING/GLOBALIZACION/EMPOWERMENT
250 _a0
260 _aSANTAFE BOGOTA-COLOMBIA
_bMCGRAW-HILL S.A.
_c1996
300 _a226 pag
_c23.5 cm
341 _h74
490 _v0
_a0
505 _aVISION/VALORES/MISION/METAS/LIDERAZGO/PLANEACION ESTRATEGICA
541 _aC
_bLIBRERIA SAN CRISTOBAL
_d24-Sep-02
_oSoles
650 _aCIENCIAS APLICADAS
856 _zCiencias Aplicadas
942 _cLIBRO
999 _c32064
_d32064